| Registos Bibliográficos associados ao registo de autoridade |
|
Etiqueta de registo: 00585cas 2200217 450 001 1062065 003 http://id.bnportugal.gov.pt/bib/catbnp/1062065 005 20030113154000.0 100 ## $a20011126b20012011m y1pory0103 ba 101 0# $apor 102 ## $aPT 106 ## $ar 110 ## $aahazz 0uu0 200 1# $aBoletim da Associação Portuguesa dos Nutricionistas$fdir. Alexandra Bento 207 #0 $aMar. 2001- nº 27 (Jan. 2011) 210 #9 $aPorto$cA.P.N.,$d2001-2011 215 ## $d31 cm 326 ## $aTrimestral 620 ## $dPorto 675 ## $a613.2(05)$vBN$zpor$3298762 702 #1 $aBento,$bAlexandra$4300$31501113 712 02 $aAssociação Portuguesa de Nutricionistas$4650$330081 801 #0 $aPT$bBN$gRPC 966 ## $lBN$mFGREV$sP.P. 5130 A.$x1
Etiqueta de registo: 00000nam 2200025 450 001 1947213 003 http://id.bnportugal.gov.pt/bib/catbnp/1947213 100 ## $a20161107d2016 k y0pory01030103ba 101 0# $apor$deng 102 ## $aPT 105 ## $aa m 000yy 106 ## $ar 200 1# $aPolíticas para as doenças crónicas não transmissíveis em Portugal$e uma retrospetiva desde a criação do serviço nacional de saúde$econtributos para uma política nutricional em Portugal$fAlexandra Gabriela de Almeida Bento Pinto$gorient. Maria Daniel Barbedo Vaz Ferreira de Almeida 210 #9 $aPorto$c[s.n.],$d2016 215 ## $aXXIV, 216 p.$cil.$d30 cm 328 #1 $aTese dout. Ciências do Consumo Alimentar e Nutrição, Fac. de Ciências da Nutrição
e Alimentação, Fac. de Ciências, Univ. do Porto, 2016 675 ## $a612.39(469)(091)(043)$vBN$zpor$31663762 675 ## $a613.2(469)(091)(043)$vBN$zpor$31663763 675 ## $a614.2(469)(091)(043)$vBN$zpor$31663764 700 #1 $aBento,$bAlexandra$31501113 702 #1 $aAlmeida,$bMaria Daniel Vaz de$4727$3206882 801 #0 $aPT$bBN$gRPC 966 ## $lBN$mFGMON$sS.A. 163696 V.$x1
Etiqueta de registo: 00000nam 2200025 450 001 1984083 003 http://id.bnportugal.gov.pt/bib/catbnp/1984083 010 ## $a978-972-0-06375-5 021 ## $aPT$b424502/17 100 ## $a20180302d2017 m y0pory01030103ba 101 0# $apor 102 ## $aPT 105 ## $ay z 000yy 106 ## $ar 200 1# $aComer bem é o melhor remédio$fAlexandra Bento 205 ## $a1ª ed 210 #9 $aPorto$cPorto Editora,$d2017 215 ## $a182 p.$d24 cm 675 ## $a613.2(035)$vBN$zpor$31222121 675 ## $a641.55(083.1)$vBN$zpor$3984960 700 #1 $aBento,$bAlexandra$31501113 801 #0 $aPT$bBN$gRPC 856 41 $uhttp://rnod.bnportugal.gov.pt/ImagesBN/winlibimg.aspx?skey=&doc=1984083&img=107391&save=true 900 ## $aBIBNAC$d20180323 966 ## $lBN$mFGMON$sS.A. 168161 V.$x1 966 ## $lBN$mFGMON$sS.A. 168161 V.-D$x1
Etiqueta de registo: 00254nam 2200025 450 001 2230631 003 http://id.bnportugal.gov.pt/bib/catbnp/2230631 010 ## $a978-972-44-2863-5 021 ## $aPT$b551053/25 100 ## $a20251104d2025 m y0pory01030103ba 101 0# $apor 102 ## $aPT 105 ## $ay z 000yy 106 ## $ar 200 1# $aÉtica aplicada$enutrição$fcoord. Maria do Céu Neves, Alexandra Bento 210 #9 $aCoimbra$cEdições 70,$dimp. 2025 215 ## $a377 p.$d21 cm 225 2# $aÉtica aplicada$v14 675 ## $a612.3(042)$vBN$zpor$31971175 675 ## $a614.253(042)$vBN$zpor$31042665 675 ## $a613.2(042)$vBN$zpor$31210977 702 #1 $aNeves,$bMaria do Céu Patrão,$f1959-$4340$344845 702 #1 $aBento,$bAlexandra$4340$31501113 801 #0 $aPT$bBN$gRPC 856 41 $uhttp://rnod.bnportugal.gov.pt/ImagesBN/winlibimg.aspx?skey=&doc=2230631&img=214682&save=true 900 ## $aBIBNAC$d20251113 966 ## $lBN$mFGMON$sS.A. 192176 V.$x1 966 ## $lBN$mFGMON$sS.A. 192176 V.-D$x1 971 ## $casantos$d20251104 972 ## $e0$z0$d20251113$vlrevez 973 ## $cmlsousa$d20251105 975 ## $e0$d20251114$viquintas
Etiqueta de registo: 00254nam 2200025 450 001 2261435 003 http://id.bnportugal.gov.pt/bib/catbnp/2261435 010 ## $a978-989-53714-1-9 021 ## $aPT$b555182/25 100 ## $a20260205e20251731m y0pory01030103ba 101 0# $apor 102 ## $aPT 105 ## $ah z 000yy 106 ## $ar 200 1# $aAncora medicinal, para conservar a vida com saude$fFrancisco da Fonseca Henriques$gapresentação, notas e observação Maria da Graça G. M. Pinho da Cruz, Joaquim José
de Pinho da Cruz$g notas prévias Alexandra Bento 210 #9 $a[S.l.]$cAcademia Portuguesa da Água Doutor Francisco da Fonseca Henriques,$dimp. 2025 215 ## $a1 v.$d20 cm 324 ## $aFacsimile da ed. de Lisboa Oriental, Officina Augustiniana, 1731 518 1# $aÂncora Medicinal para conservar a vida com saúde 675 ## $a613.2"17"(035)$vBN$zpor$31992114 675 ## $a612.39"17"(035)$vBN$zpor$31992115 675 ## $a099.4$vBN$zpor$31481599 700 #1 $aHenriques,$bFrancisco da Fonseca,$f1665-1731$3237623 702 #1 $aCruz,$bMaria da Graça Gaspar Mendes de Pinho da,$f1945-$4450$3252870 702 #1 $aCruz,$bJoaquim José de Pinho da$4450$31487113 702 #1 $aBento,$bAlexandra$4080$31501113 801 #0 $aPT$bBN$gRPC 856 41 $uhttp://rnod.bnportugal.gov.pt/ImagesBN/winlibimg.aspx?skey=&doc=2261435&img=220499&save=true 900 ## $aBIBNAC$d20260330 966 ## $lBN$mFGMON$sS.A. 60069 P.$x1 966 ## $lBN$mFGMON$sS.A. 60069 P.-D$x1 971 ## $cabrito$d20260205 972 ## $e0$z0$d20260330$vlrevez 973 ## $cigoulao$d20260318
|
|
|